[Event "8th ch-Euro"]
[Site "Dresden GER"]
[Date "2007.04.08"]
[Round "6"]
[White "Wippermann,T"]
[Black "Buhmann,R"]
[Result "0-1"]
[WhiteElo "2403"]
[BlackElo "2547"]
[EventDate "2007.04.03"]

1. e4 e6 2. d4 d5 3. Nc3 Nf6 4. Bg5 dxe4 5. Nxe4 Be7 6. Bxf6 gxf6 7. Nf3 f5
8. Nc3 a6 9. Qe2 b5 10. O-O-O b4 11. Na4 Qd5 12. Qe5 Qxe5 13. Nxe5 Nd7 14.
Nxd7 Bxd7 15. Nc5 Bxc5 16. dxc5 Bc6 17. Rg1 Ke7 18. Be2 a5 19. g3 a4 20.
Rd4 Rhb8 21. Rgd1 Ra5 22. Rh4 Rxc5 23. Rxh7 Be4 24. Rd2 b3 25. axb3 axb3
26. c4 Ra5 27. Rd1 Ra1+ 28. Kd2 Rd8+ 29. Ke1 Rdxd1+ 0-1

[Event "8th ch-Euro"]
[Site "Dresden GER"]
[Date "2007.04.08"]
[Round "6"]
[White "Heberla,B"]
[Black "Can,E"]
[Result "0-1"]
[WhiteElo "2557"]
[BlackElo "2409"]
[EventDate "2007.04.03"]

1. e4 e6 2. d3 d5 3. Qe2 Nc6 4. Nf3 e5 5. c3 Nf6 6. b4 dxe4 7. dxe4 Bd6 8.
Qc2 Bg4 9. Be2 O-O 10. O-O a5 11. b5 Ne7 12. Rd1 Ng6 13. Na3 Qe7 14. Nc4
Bc5 15. h3 Bd7 16. a4 b6 17. Bg5 Bc8 18. Ne3 Nf4 19. Bc4 h6 20. Bxf4 exf4
21. Nd5 Nxd5 22. Bxd5 Rb8 23. e5 Be6 24. Qe4 Rbd8 25. c4 g5 26. Bxe6 Qxe6
27. Rd5 c6 28. bxc6 Qxc6 29. h4 Be7 30. hxg5 hxg5 31. e6 f5 32. Qe5 Rde8
33. Rd7 Qe4 34. Qd5 g4 35. Nd2 Qe2 36. Nb3 g3 37. Qf3 Qxe6 38. Rdd1 gxf2+
39. Qxf2 Qe3 40. Qxe3 fxe3 41. Ra2 Rd8 42. Rb1 Kf7 43. Kf1 Rg8 44. Rc2 Rg4
45. c5 Rh8 46. Rbb2 Rh1+ 47. Ke2 Rxg2+ 48. Kxe3 Rh3+ 49. Kf4 Rg4+ 50. Kxf5
Rb4 51. Rh2 Rf3+ 52. Ke5 Bf6+ 0-1

[Event "8th ch-Euro"]
[Site "Dresden GER"]
[Date "2007.04.08"]
[Round "6"]
[White "Butnorius,A"]
[Black "Andreikin,D"]
[Result "0-1"]
[WhiteElo "2402"]
[BlackElo "2509"]
[EventDate "2007.04.03"]

1. d4 Nf6 2. Nf3 c5 3. d5 b5 4. c4 Bb7 5. Qc2 bxc4 6. e4 d6 7. Bxc4 Nbd7 8.
O-O g6 9. Bd2 Bg7 10. Bc3 O-O 11. Nbd2 Nb6 12. b3 Qc8 13. Rfe1 Rb8 14. Rad1
Re8 15. Ba1 Qc7 16. Bb5 Red8 17. Rc1 Rdc8 18. h3 Qd8 19. Qd3 Rc7 20. Bc3
Bh6 21. Ba5 Nh5 22. g3 e5 23. dxe6 fxe6 24. Rcd1 Rf7 25. Nh2 Qf8 26. Ng4
Bg7 27. Bc3 d5 28. Bxg7 Kxg7 29. Qe3 d4 30. Qg5 Nf6 31. Qh6+ Kg8 32. Qxf8+
Kxf8 33. Ne5 Rc7 34. Rc1 Ke7 35. Rc2 Rbc8 36. f3 a6 37. Bd3 Nfd7 38. Nec4
Nxc4 39. Nxc4 Bc6 40. Kf2 Bb5 41. Ke2 g5 42. Rcc1 Bxc4 43. Bxc4 Ne5 44. Rf1
Rf8 45. Rf2 Ng6 46. Rcf1 e5 47. Kd1 a5 48. Rg2 Kd6 49. h4 gxh4 50. f4 hxg3
51. f5 Nf4 52. Rxg3 Nh5 53. Rg2 Nf6 54. Bd3 Rg8 55. Rxg8 Nxg8 56. Rg1 Nf6
57. Kc2 Rb7 58. a4 Rc7 59. Rg2 Re7 60. Rg1 Kc7 61. Rg2 Kd8 62. Rg1 Ke8 63.
Kd2 Rb7 64. Rc1 Rc7 65. Ke2 h5 66. Rg1 Rh7 67. Rg6 Ke7 68. Kf3 h4 69. Kg2
h3+ 70. Kh2 Rh4 71. Rg1 Nxe4 72. Re1 Ng5 73. Kg3 Kf6 0-1

[Event "8th ch-Euro"]
[Site "Dresden GER"]
[Date "2007.04.08"]
[Round "6"]
[White "Rocha,S"]
[Black "Rogozenko,D"]
[Result "0-1"]
[WhiteElo "2400"]
[BlackElo "2527"]
[EventDate "2007.04.03"]

1. e4 c5 2. Nf3 e6 3. d4 cxd4 4. Nxd4 Nf6 5. Bd3 Nc6 6. Nxc6 dxc6 7. Nd2 e5
8. Nc4 Bg4 9. Qd2 Nd7 10. O-O Be6 11. a4 Qc7 12. b4 Be7 13. Qc3 O-O 14. Be3
h6 15. f3 Rfc8 16. Bf2 b5 17. Na5 a6 18. Nb3 Bxb3 19. cxb3 Qd6 20. Rfd1
Qxb4 21. Qxb4 Bxb4 22. Bxb5 axb5 23. Rxd7 c5 24. Kf1 c4 25. bxc4 bxa4 26.
Ba7 a3 27. c5 Bxc5 28. Bxc5 Rxc5 29. Rd3 a2 30. Rd2 Rca5 31. h4 h5 32. Kf2
Ra3 33. Kg3 g6 34. Kf2 Kg7 35. g3 R8a6 36. Kg2 R6a4 37. Kf2 Kf6 38. Kg2 Ke6
39. Kf2 f5 40. Kg2 Ra6 41. Kf2 Kf6 42. Kg2 R6a4 43. Rd5 Kf7 44. Rd7+ Ke6
45. Rd2 Ra6 46. Kf2 Kf6 47. Kg2 R3a4 48. Rf2 Kg7 49. Re2 fxe4 50. fxe4 g5
51. hxg5 Kg6 52. Kh3 Kxg5 53. Rf2 Ra3 54. Rf5+ Kg6 55. Rf2 R3a4 56. Kg2 Kg5
57. Kh3 Kh6 58. Kh2 Ra3 59. Kh3 R6a4 60. Raf1 Ra7 61. Ra1 R7a6 62. Kh4 R6a4
63. Kh3 h4 64. Kxh4 Rxe4+ 65. g4 Rea4 66. Rf6+ Kg7 67. Rb6 Ra6 68. Rb8 e4
69. g5 e3 70. Kg3 Re6 0-1

[Event "8th ch-Euro"]
[Site "Dresden GER"]
[Date "2007.04.08"]
[Round "6"]
[White "Winants,L"]
[Black "Zude,E"]
[Result "1/2-1/2"]
[WhiteElo "2516"]
[BlackElo "2411"]
[EventDate "2007.04.03"]

1. d4 e6 2. c4 f5 3. Nc3 Nf6 4. e3 Bb4 5. Bd2 O-O 6. Bd3 d6 7. Qc2 Nc6 8.
Nge2 e5 9. Bxf5 Bxf5 10. Qxf5 exd4 11. exd4 Qe7 12. O-O Bxc3 13. Nxc3 Nxd4
14. Qd3 Ne6 15. Rae1 Qf7 16. Nd5 Rae8 17. f4 Nxd5 18. Qxd5 c6 19. Qd3 d5
20. cxd5 Nc5 21. Qd4 Qxd5 22. Bc3 Qxd4+ 23. Bxd4 Rxe1 24. Rxe1 Nd3 25. Re4
Rf7 26. Re8+ 1/2-1/2

[Event "8th ch-Euro"]
[Site "Dresden GER"]
[Date "2007.04.08"]
[Round "6"]
[White "Jenni,F"]
[Black "Martinovic,Sa"]
[Result "1-0"]
[WhiteElo "2519"]
[BlackElo "2378"]
[EventDate "2007.04.03"]

1. e4 c5 2. Nf3 Nc6 3. d4 cxd4 4. Nxd4 e5 5. Nb5 a6 6. Nd6+ Bxd6 7. Qxd6
Qf6 8. Qxf6 Nxf6 9. Nc3 Nb4 10. Kd2 d6 11. b3 Be6 12. f3 O-O-O 13. Ba3 Nc6
14. Bd3 d5 15. Rad1 dxe4 16. Nxe4 Nxe4+ 17. fxe4 h5 18. Ke3 h4 19. c3 Rd7
20. Be2 Rhd8 21. Rxd7 Rxd7 22. g3 hxg3 23. hxg3 Rd8 24. Rh7 Rg8 25. Bd3 Kc7
26. Ke2 Nb8 27. Kd2 Nd7 28. Rh5 Kc6 29. Bc2 Bg4 30. Rh4 Be6 31. Be7 Nf8 32.
Rh5 Nd7 33. Rh1 Re8 34. Bg5 Nc5 35. Rh7 Rg8 36. Be3 Nd7 37. Rh4 Nf8 38. Rh5
Ng6 39. c4 Rh8 40. Rxh8 Nxh8 41. Kc3 Ng6 42. b4 Nf8 43. a4 Nd7 44. b5+ Kc7
45. Kb4 Nf6 46. c5 Bg4 47. Bg5 Nh5 48. Be7 f6 49. b6+ Kd7 50. Bd3 a5+ 51.
Kxa5 Kxe7 52. c6 Bc8 53. Ba6 Nxg3 54. Bxb7 Kd8 55. Bxc8 Kxc8 56. Ka6 1-0

[Event "8th ch-Euro"]
[Site "Dresden GER"]
[Date "2007.04.08"]
[Round "6"]
[White "Berescu,A"]
[Black "Richter,Mic"]
[Result "0-1"]
[WhiteElo "2495"]
[BlackElo "2396"]
[EventDate "2007.04.03"]

1. e4 c5 2. Nf3 Nc6 3. d4 cxd4 4. Nxd4 Nf6 5. Nc3 e5 6. Ndb5 d6 7. Bg5 a6
8. Na3 b5 9. Nd5 Be7 10. Bxf6 Bxf6 11. c4 b4 12. Nc2 Rb8 13. b3 O-O 14. g3
g6 15. h4 Bg7 16. h5 Qg5 17. hxg6 fxg6 18. Bh3 Bxh3 19. Rxh3 Rf7 20. Qe2
Rbf8 21. Rh2 a5 22. Rd1 h5 23. Rd3 Nd8 24. Qd2 Ne6 25. Qe3 Qxe3+ 26. Rxe3
Bh6 27. Re2 Kg7 28. Kf1 Nc5 29. Ne1 Rb7 30. Kg2 a4 31. Nc2 Nd3 32. Rh1 Nc1
33. Rxc1 Bxc1 34. Ncxb4 axb3 35. axb3 Ba3 36. Nd3 Rxb3 37. Re3 Kh6 38. f4
Bc5 39. Nxc5 Rxe3 40. Ne6 Re8 41. Nec7 Rc8 42. Nb5 exf4 43. Nxe3 fxe3 44.
Nxd6 Rf8 0-1

[Event "8th ch-Euro"]
[Site "Dresden GER"]
[Date "2007.04.08"]
[Round "6"]
[White "Wichmann,C"]
[Black "Starostits,I"]
[Result "0-1"]
[WhiteElo "2419"]
[BlackElo "2472"]
[EventDate "2007.04.03"]

1. d4 d5 2. c4 dxc4 3. Nf3 c6 4. e4 Nf6 5. Nc3 b5 6. e5 Nd5 7. a4 e6 8. Ng5
Be7 9. h4 Nxc3 10. bxc3 h6 11. Ne4 Qd5 12. Ng3 b4 13. Qg4 g6 14. Be2 Bb7
15. O-O a5 16. h5 g5 17. f4 bxc3 18. fxg5 hxg5 19. Ba3 c5 20. Bf3 Qxd4+ 21.
Qxd4 cxd4 22. Bxb7 Ra7 23. Bf3 Nd7 24. Ne2 d3 25. Nxc3 Nxe5 26. Rab1 Bxa3
27. Rb8+ Ke7 28. Rxh8 Bb2 29. Rc8 Bxc3 30. h6 Bd4+ 31. Kh1 Nxf3 32. gxf3 c3
33. h7 c2 34. Kg2 Rb7 35. f4 Rb2 0-1

[Event "8th ch-Euro"]
[Site "Dresden GER"]
[Date "2007.04.08"]
[Round "6"]
[White "Maze,S"]
[Black "Ziska,H"]
[Result "1-0"]
[WhiteElo "2506"]
[BlackElo "2388"]
[EventDate "2007.04.03"]

1. e4 c5 2. Nf3 d6 3. c3 Nf6 4. h3 Nbd7 5. Bd3 b6 6. O-O Bb7 7. Re1 Qc7 8.
Bc2 Rc8 9. d3 g6 10. Bf4 Bg7 11. Nbd2 O-O 12. Bb3 b5 13. Bh2 e5 14. a4 a6
15. Qb1 h6 16. Qa2 Nb6 17. a5 Nbd7 18. Nh4 Nb8 19. Nxg6 c4 20. Bxc4 bxc4
21. Nxf8 Rxf8 22. Nxc4 Nc6 23. Ne3 Ne7 24. Qb3 Nd7 25. f4 Nc5 26. Qc4 Bc6
27. fxe5 Bxe5 28. Bxe5 Bb5 29. Bxd6 Qxd6 30. e5 Qxe5 31. Qg4+ Qg5 32. h4
Qg7 33. Qxg7+ Kxg7 34. d4 Nd3 35. Re2 f5 36. c4 Bd7 37. Rd1 Nf4 38. Ree1
Rb8 39. Rd2 Rb3 40. Ng4 Neg6 41. Ne5 Nxe5 42. Rxe5 Kf6 43. Rc5 Ba4 44. Rf2
1-0

[Event "8th ch-Euro"]
[Site "Dresden GER"]
[Date "2007.04.08"]
[Round "6"]
[White "Iljushin,A"]
[Black "Pitl,G"]
[Result "1-0"]
[WhiteElo "2510"]
[BlackElo "2357"]
[EventDate "2007.04.03"]

1. d4 d5 2. c4 c6 3. Nf3 Nf6 4. e3 Bf5 5. Nc3 e6 6. Nh4 Bg6 7. Nxg6 hxg6 8.
Qb3 Qc7 9. h3 Nbd7 10. Bd2 Be7 11. Rc1 Nb6 12. cxd5 exd5 13. Bd3 O-O 14.
O-O Qd7 15. f3 Bd8 16. Ne2 Re8 17. Qc2 Qe7 18. b4 Rc8 19. Qb3 a6 20. a4
Nbd7 21. e4 Bb6 22. Kh1 Nh5 23. g4 Qh4 24. Kg2 dxe4 25. fxe4 Nhf6 26. e5
Nd5 27. Be4 Rcd8 28. Bxd5 cxd5 29. a5 Ba7 30. Rc7 Nf6 31. Rxb7 Ne4 32. Be1
1-0

[Event "8th ch-Euro"]
[Site "Dresden GER"]
[Date "2007.04.08"]
[Round "6"]
[White "Moor,R"]
[Black "Ragger,M"]
[Result "0-1"]
[WhiteElo "2385"]
[BlackElo "2487"]
[EventDate "2007.04.03"]

1. Nf3 Nf6 2. c4 c6 3. g3 d5 4. Bg2 dxc4 5. Qc2 Be6 6. Ng5 Bd5 7. e4 h6 8.
Nh3 Be6 9. Nf4 Bc8 10. Qxc4 e5 11. Ne2 c5 12. b4 Be6 13. Qc3 Na6 14. a3
cxb4 15. Qxe5 Nc5 16. O-O Ng4 17. Qd4 Nb3 18. Qb2 Nxa1 19. Nf4 Bc4 20. h3
Nb3 21. hxg4 Bxf1 22. Kxf1 Nd4 23. axb4 Be7 24. Qa1 Bf6 25. Bb2 O-O 26. Nc3
Nc2 0-1

[Event "8th ch-Euro"]
[Site "Dresden GER"]
[Date "2007.04.08"]
[Round "6"]
[White "Jaracz,P"]
[Black "Becker,Mi1"]
[Result "1-0"]
[WhiteElo "2483"]
[BlackElo "2313"]
[EventDate "2007.04.03"]

1. e4 c5 2. Nf3 g6 3. d4 Bg7 4. dxc5 Qa5+ 5. c3 Qxc5 6. Na3 Nf6 7. Nb5 Ng4
8. Nfd4 d5 9. Be2 Nxf2 10. Kxf2 e5 11. Be3 exd4 12. Bxd4 Bxd4+ 13. Qxd4
Qxd4+ 14. cxd4 Na6 15. exd5 O-O 16. a3 Bf5 17. Nd6 Nc7 18. Bf3 Rab8 19.
Rac1 Ne8 20. Nxe8 Rfxe8 21. Rc7 h5 22. Re1 Rxe1 23. Kxe1 a5 24. d6 Rd8 25.
Rxb7 Rxd6 26. d5 a4 27. Kf2 Rd8 28. Ke3 Rc8 29. d6 Rd8 30. Rb6 Kg7 31. Kd4
Kf6 32. Bb7 Rb8 33. Kc5 Bd7 34. Bc6 Rc8 35. Kd5 Be6+ 36. Kd4 Kf5 37. d7 1-0

[Event "8th ch-Euro"]
[Site "Dresden GER"]
[Date "2007.04.08"]
[Round "6"]
[White "Cornette,M"]
[Black "Peterson,Er"]
[Result "1-0"]
[WhiteElo "2482"]
[BlackElo "2302"]
[EventDate "2007.04.03"]

1. e4 e6 2. d4 d5 3. Nc3 Bb4 4. exd5 exd5 5. Bd3 Nc6 6. a3 Be7 7. Nce2 Nf6
8. c3 O-O 9. Ng3 Re8 10. N1e2 Na5 11. O-O c6 12. Bc2 Nc4 13. Nf4 g6 14. b3
Nd6 15. f3 Bd7 16. Re1 Bf8 17. Re5 Bg7 18. a4 Qb6 19. Ba3 Rxe5 20. Bc5 Re1+
21. Qxe1 Qc7 22. Qe7 Nc8 23. Qe5 Ne8 24. Qxc7 Nxc7 25. Nd3 Ne6 26. Re1 b6
27. Ba3 c5 28. Ne5 Be8 29. dxc5 bxc5 30. h4 Ne7 31. c4 Nc6 32. Nxc6 Bxc6
33. h5 Bc3 34. Rd1 Nd4 35. Bxc5 Nxc2 36. cxd5 Be5 37. dxc6 Bxg3 38. c7 Bxc7
39. Rc1 Rc8 40. Rxc2 Bb6 41. b4 a5 42. Rb2 Bxc5+ 43. bxc5 Rxc5 44. h6 f6
45. Rb8+ Kf7 46. Rb7+ Kg8 47. Rg7+ Kh8 48. g4 f5 49. Rb7 Kg8 50. g5 Rc4 51.
Rg7+ Kf8 52. Rxh7 Rxa4 53. Rh8+ Kf7 54. Ra8 Rh4 55. f4 Rg4+ 56. Kh2 Rh4+
57. Kg3 Rh1 58. Ra6 a4 59. Rf6+ Kg8 60. Rxg6+ Kh7 61. Rg7+ Kh8 62. Ra7 Ra1
63. Kf2 Ra2+ 64. Ke3 Rh2 65. Kd4 Re2 66. g6 Re8 67. Kd5 Rg8 68. Rh7+ 1-0

[Event "8th ch-Euro"]
[Site "Dresden GER"]
[Date "2007.04.08"]
[Round "6"]
[White "Gordon,S"]
[Black "Armbrust,F"]
[Result "1/2-1/2"]
[WhiteElo "2486"]
[BlackElo "2261"]
[EventDate "2007.04.03"]

1. d4 Nf6 2. c4 g6 3. Nc3 Bg7 4. e4 d6 5. Nf3 O-O 6. h3 a6 7. Be3 Nbd7 8.
Bd3 c5 9. O-O cxd4 10. Nxd4 e6 11. Rc1 d5 12. exd5 exd5 13. Nf3 dxc4 14.
Bxc4 b5 15. Bd5 Rb8 16. Bb3 Bb7 17. Bf4 Rc8 18. Bd6 Bxf3 19. Qxf3 Re8 20.
Rce1 Nb6 21. Rd1 Nc4 22. Bxc4 Rxc4 23. Be5 Qa8 24. Qxa8 Rxa8 25. a3 Ne4 26.
Bxg7 Kxg7 27. Nxe4 Rxe4 28. Rd2 Rae8 29. Rfd1 Re1+ 30. Rxe1 Rxe1+ 31. Kh2
h5 32. Kg3 Re6 33. h4 Kf6 34. Kf4 Rc6 35. g3 Rc4+ 36. Ke3 Ke6 37. Kf3
1/2-1/2

[Event "8th ch-Euro"]
[Site "Dresden GER"]
[Date "2007.04.08"]
[Round "6"]
[White "Akesson,R"]
[Black "Zesch,L"]
[Result "0-1"]
[WhiteElo "2475"]
[BlackElo "2287"]
[EventDate "2007.04.03"]

1. d4 Nf6 2. c4 g6 3. Nc3 Bg7 4. e4 d6 5. f3 O-O 6. Bg5 c5 7. d5 e6 8. Qd2
exd5 9. cxd5 a6 10. a4 h6 11. Be3 Re8 12. Nge2 Nbd7 13. Ng3 h5 14. Be2 Nh7
15. O-O h4 16. Nh1 f5 17. Nf2 Ne5 18. Rae1 Bd7 19. f4 Nf7 20. Bd3 Qc8 21.
exf5 gxf5 22. a5 Qc7 23. Ncd1 Nf6 24. Bc4 Nh6 25. h3 Nf7 26. b3 Re7 27. Qa2
Rae8 28. Bd2 Qd8 29. Rxe7 Rxe7 30. Bc3 Nh5 31. Bxg7 Kxg7 32. Nh1 Re4 33.
Qd2 Rd4 34. Qe3 Re4 35. Qd2 Rd4 36. Qc3 Qf6 37. g3 Kf8 38. Qf3 Qg6 39. Kh2
hxg3+ 40. Nxg3 Nxf4 41. Ne2 Ne5 42. Qf2 Ng4+ 43. hxg4 Qh6+ 44. Kg1 Nh3+ 45.
Kg2 Nxf2 46. Nxf2 Rd2 47. Ne4 Rxe2+ 48. Bxe2 Qe3 49. Ng3 f4 50. Rf3 Qe5 51.
Bc4 Bxg4 52. Rf2 f3+ 53. Kh2 Kg7 54. Ra2 Kh6 0-1

[Event "8th ch-Euro"]
[Site "Dresden GER"]
[Date "2007.04.08"]
[Round "6"]
[White "Jirka,J"]
[Black "Iskusnyh,S"]
[Result "0-1"]
[WhiteElo "2360"]
[BlackElo "2482"]
[EventDate "2007.04.03"]

1. d4 d5 2. Nf3 Nf6 3. g3 c6 4. c4 dxc4 5. Bg2 g6 6. Ne5 Be6 7. e4 Nbd7 8.
f4 Qb6 9. Nc3 O-O-O 10. Na4 Qb5 11. Qc2 Nxe5 12. fxe5 Ng4 13. h3 Rxd4 14.
hxg4 Bg7 15. Nc3 Qxe5 16. Bf4 Qa5 17. g5 Rhd8 18. O-O Rd3 19. Rf3 Qc5+ 20.
Kf1 Bg4 21. Rxd3 cxd3 22. Qd2 Bxc3 23. Qxc3 Qxc3 24. bxc3 d2 0-1

[Event "8th ch-Euro"]
[Site "Dresden GER"]
[Date "2007.04.08"]
[Round "6"]
[White "Safarli,E"]
[Black "Kalvaitis,S"]
[Result "1-0"]
[WhiteElo "2445"]
[BlackElo "2201"]
[EventDate "2007.04.03"]

1. e4 e6 2. d4 d5 3. Nc3 Bb4 4. exd5 exd5 5. Bd3 Nc6 6. a3 Be7 7. Nf3 Bg4
8. h3 Bh5 9. g4 Bg6 10. Bf4 Nf6 11. Ne5 O-O 12. Nxg6 fxg6 13. Be3 Qd7 14.
Qd2 a6 15. Be2 Nd8 16. Bf3 c6 17. Qe2 Bd6 18. g5 Ne8 19. h4 Ne6 20. Bg4 Qf7
21. O-O-O Nf4 22. Bxf4 Qxf4+ 23. Kb1 Nc7 24. Be6+ Kh8 25. h5 Rfe8 26. hxg6
Nxe6 27. Rxh7+ Kg8 28. Qh5 Kf8 29. Re1 Ke7 30. Qh3 Be5 31. Rxe5 Kd6 32. Ne2
Qxf2 33. Qc3 a5 34. Rxe6+ Kxe6 35. Rxg7 Rh8 36. Nc1 Rh1 37. Rxb7 Rxc1+ 38.
Ka2 Qxc2 39. Qh3+ Qf5 40. Qe3+ Qe4 41. Qxc1 Rc8 42. Qf1 1-0

[Event "8th ch-Euro"]
[Site "Dresden GER"]
[Date "2007.04.08"]
[Round "6"]
[White "Philippe,C"]
[Black "Saric,Iv"]
[Result "0-1"]
[WhiteElo "2364"]
[BlackElo "2469"]
[EventDate "2007.04.03"]

1. e4 c5 2. Nf3 Nc6 3. d4 cxd4 4. Nxd4 Nf6 5. Nc3 d6 6. Bc4 Qb6 7. Nb3 e6
8. Bf4 Ne5 9. Be2 Bd7 10. Qd2 Rc8 11. O-O-O Be7 12. g4 h6 13. f3 a6 14. h4
Qc7 15. g5 Nh5 16. Bh2 b5 17. f4 Nc4 18. Qd3 hxg5 19. hxg5 b4 20. Qxc4 Qxc4
21. Bxc4 Rxc4 22. Nd2 Rc8 23. Ne2 g6 24. Rdg1 Bc6 25. Bg3 d5 26. e5 Bc5 27.
Re1 Be3 28. Kd1 Ke7 29. Nb3 d4 30. Rxh5 gxh5 31. Nexd4 Bxd4 32. Nxd4 h4 33.
Bh2 Rhd8 34. Bg1 h3 35. c3 bxc3 36. bxc3 Ba4+ 37. Kd2 h2 38. Bxh2 Rxd4+ 39.
cxd4 Rc2+ 40. Ke3 Rxh2 41. Re2 Rh3+ 42. Kd2 Bb5 43. Rf2 Rd3+ 44. Kc2 Rxd4
45. Kc3 Rd3+ 46. Kb4 Bc6 47. Rc2 Bd5 48. Rc7+ Kf8 49. Ra7 Rd4+ 50. Kc5 Rxf4
51. Rxa6 Kg7 52. a4 Rc4+ 53. Kd6 Rc8 54. Rb6 Ra8 55. Rb4 Kg6 56. Rf4 Ra7
57. a5 Kxg5 58. Rf2 Kg6 0-1

[Event "8th ch-Euro"]
[Site "Dresden GER"]
[Date "2007.04.08"]
[Round "6"]
[White "Roos,M GER"]
[Black "Graf,A"]
[Result "0-1"]
[WhiteElo "2349"]
[BlackElo "2610"]
[EventDate "2007.04.03"]

1. Nf3 f5 2. d3 d6 3. e4 e5 4. Nc3 Nf6 5. exf5 Bxf5 6. d4 e4 7. Nh4 Bg4 8.
Be2 Bxe2 9. Qxe2 d5 10. Qb5+ Nc6 11. Bg5 Qd7 12. Bxf6 gxf6 13. Qxd5 Qxd5
14. Nxd5 O-O-O 15. Ne3 Nxd4 16. Nhf5 Nxf5 17. Nxf5 Rg8 18. g3 Rg5 19. Ne3
Rb5 20. Rb1 Bb4+ 21. Kf1 Bc3 22. b3 Rc5 23. a4 Rd2 24. Rd1 Rxd1+ 25. Nxd1
Bd4 26. c4 Rc6 27. a5 Ra6 0-1

[Event "8th ch-Euro"]
[Site "Dresden GER"]
[Date "2007.04.08"]
[Round "6"]
[White "Luther,T"]
[Black "Pajeken,W"]
[Result "1-0"]
[WhiteElo "2580"]
[BlackElo "2346"]
[EventDate "2007.04.03"]

1. e4 Nf6 2. e5 Nd5 3. d4 d6 4. c4 Nb6 5. exd6 cxd6 6. Nc3 g6 7. Be3 Bg7 8.
Rc1 O-O 9. b3 e5 10. dxe5 dxe5 11. Qxd8 Rxd8 12. c5 N6d7 13. Nf3 Nc6 14.
Bc4 h6 15. O-O Nd4 16. Ne4 Nf8 17. Bxd4 exd4 18. Nd6 Ne6 19. Rfe1 b6 20.
Nxc8 Raxc8 21. Rxe6 fxe6 22. Bxe6+ Kf8 23. Bxc8 Rxc8 24. Ne1 Kf7 25. Nd3 b5
26. Kf1 Ke6 27. Re1+ Kd7 28. Re4 a5 29. Ke2 b4 30. Kd2 g5 31. Re1 g4 32.
Rh1 Bf6 33. Re1 Ra8 34. Kc2 Rc8 35. Kb2 h5 36. a3 bxa3+ 37. Kxa3 Rg8 38.
Ka4 Rb8 39. Re4 Bg7 40. Re2 Bf6 41. g3 Bh8 42. Rb2 Bf6 43. Kxa5 Kc6 44.
Nb4+ Kxc5 45. Na6+ Kd5 46. Nxb8 d3 47. Rb1 Kd4 48. Nd7 Bd8+ 49. Kb5 d2 50.
Nc5 Be7 51. b4 1-0

[Event "8th ch-Euro"]
[Site "Dresden GER"]
[Date "2007.04.08"]
[Round "6"]
[White "Bogner,S"]
[Black "Smeets,J"]
[Result "1-0"]
[WhiteElo "2331"]
[BlackElo "2538"]
[EventDate "2007.04.03"]

1. Nf3 Nf6 2. c4 c6 3. d4 d5 4. cxd5 cxd5 5. Nc3 Nc6 6. Bf4 Nh5 7. Bg5 h6
8. Bd2 g6 9. e3 Bg7 10. Bb5 O-O 11. Bxc6 bxc6 12. Na4 Nf6 13. O-O Ne4 14.
Bb4 Rb8 15. Ba3 Bg4 16. Qc2 Bxf3 17. gxf3 Ng5 18. f4 Nf3+ 19. Kg2 Nh4+ 20.
Kh1 Rc8 21. Rg1 Kh8 22. Nc5 Rg8 23. Qa4 Qc7 24. Qa6 Rb8 25. Qf1 Qc8 26. Qa6
Qf5 27. Qe2 Bf6 28. Qg4 Qc2 29. Rgf1 g5 30. Rac1 Qh7 31. fxg5 Rxg5 32. Qf4
Rbg8 33. Nd7 Qe4+ 34. Qxe4 dxe4 35. Nxf6 exf6 36. Be7 R8g6 37. Rxc6 Kg7 38.
Rc5 Rg2 39. Bd6 Nf3 40. Rcc1 R2g4 41. Bg3 R6g5 42. Rfd1 Rh5 43. Rc2 Rgg5
44. b4 a6 45. a4 Kf8 46. Rc5 Ke7 47. d5 Kd7 48. Bf4 Rg4 49. d6 Rhh4 50.
Rc7+ Ke6 51. d7 Rxf4 52. Rc6+ Kf5 53. Kg2 Rfg4+ 54. Kf1 Rg8 55. Rc8 1-0

[Event "8th ch-Euro"]
[Site "Dresden GER"]
[Date "2007.04.08"]
[Round "6"]
[White "Sulskis,S"]
[Black "Beck,F"]
[Result "1-0"]
[WhiteElo "2525"]
[BlackElo "2346"]
[EventDate "2007.04.03"]

1. e4 c5 2. Nf3 e6 3. d4 cxd4 4. Nxd4 Nc6 5. Nb5 d6 6. Bf4 e5 7. Be3 Be6 8.
c4 Nf6 9. N1c3 a6 10. Na3 Qa5 11. Bd2 Qb6 12. Bd3 Qxb2 13. Nc2 Qb6 14. Rb1
Qc7 15. Nd5 Bxd5 16. cxd5 Nb8 17. Ne3 Nbd7 18. Qa4 Kd8 19. O-O Nc5 20. Qa3
Nfd7 21. Rfc1 Rb8 22. Nc4 Ke8 23. Bc2 Be7 24. Qg3 Kf8 25. Rb2 h5 26. h4 g6
27. f4 Kg7 28. f5 Bf6 29. Bb1 b5 30. Na5 Qb6 31. Kh2 Na4 32. Rb3 Nac5 33.
Rf3 Rbc8 34. fxg6 fxg6 35. Rcf1 Rhf8 36. Qe1 Qd8 37. Nc6 Qe8 38. Qc1 Kh7
39. Bg5 Bg7 40. Qe3 Rxf3 41. Qxf3 Nb6 42. Bd3 Rc7 43. Be2 Kg8 44. g3 Kh7
45. Kg2 Rxc6 46. dxc6 Qxc6 47. Bd3 Ne6 48. g4 Nd4 49. Qf7 Qc8 50. gxh5 Qg4+
51. Kh2 gxh5 52. Rf6 Kh8 53. Bf1 Nd7 54. Bh3 Qe2+ 55. Rf2 Nf3+ 56. Qxf3 1-0

[Event "8th ch-Euro"]
[Site "Dresden GER"]
[Date "2007.04.08"]
[Round "6"]
[White "Fruebing,S"]
[Black "Sorokin,M"]
[Result "1/2-1/2"]
[WhiteElo "2301"]
[BlackElo "2547"]
[EventDate "2007.04.03"]

1. e4 e5 2. Nf3 Nc6 3. Bc4 Bc5 4. O-O Nf6 5. d3 a6 6. c3 Ba7 7. Re1 d6 8.
Bb3 O-O 9. Nbd2 Ng4 10. Re2 Kh8 11. h3 Nh6 12. Nf1 f5 13. exf5 Bxf5 14. Re1
Qf6 15. Ng3 Qg6 16. Nxf5 Nxf5 17. Re4 h6 18. a4 Rf6 19. a5 Raf8 20. Rg4 Qh5
21. Raa4 Nfe7 22. Rg3 Nf5 23. Rgg4 Nfe7 24. Rg3 Nf5 1/2-1/2

[Event "8th ch-Euro"]
[Site "Dresden GER"]
[Date "2007.04.08"]
[Round "6"]
[White "Becker,Mart"]
[Black "Potapov,Alexa1"]
[Result "1/2-1/2"]
[WhiteElo "2332"]
[BlackElo "2510"]
[EventDate "2007.04.03"]

1. Nf3 f5 2. d3 d6 3. e4 Nc6 4. exf5 Bxf5 5. d4 Nf6 6. Bg5 e5 7. Bb5 exd4
8. O-O Be7 9. Nxd4 Bd7 10. Bc4 Ne5 11. Bxf6 Bxf6 12. Re1 Kf8 13. Bb3 c6 14.
c4 Qb6 15. Nc2 Nf7 16. Nc3 Bxc3 17. bxc3 Qc5 18. Qd4 Qxd4 19. cxd4 Re8 20.
f4 h5 21. Rxe8+ Kxe8 22. c5 d5 23. Ne3 Ke7 24. Bc2 Kf6 25. Rb1 Rb8 26. a3
b6 27. Kf2 Nd8 28. f5 Rb7 29. cxb6 Rxb6 30. Kg3 Nf7 31. Kf4 Nd6 32. h3 Be8
33. g4 hxg4 34. hxg4 Rxb1 35. g5+ Ke7 36. Bxb1 a5 37. Bd3 Bh5 38. Ke5 Nf7+
39. Kf4 Nd6 40. Kg3 Kd7 41. Ng4 Bxg4 42. Kxg4 Ke7 43. Kf4 Nf7 44. Bf1 Nd6
45. Ba6 Kd7 46. Kg4 Ke7 47. Bd3 Kf7 48. Kf4 Ke7 49. Ke5 Nf7+ 50. Kf4 Nd6
51. Ke5 Nf7+ 1/2-1/2

[Event "8th ch-Euro"]
[Site "Dresden GER"]
[Date "2007.04.08"]
[Round "6"]
[White "Eisenbeiser,A"]
[Black "Boros,De"]
[Result "1/2-1/2"]
[WhiteElo "2329"]
[BlackElo "2502"]
[EventDate "2007.04.03"]

1. e4 c5 2. Nf3 Nf6 3. e5 Nd5 4. Nc3 Nxc3 5. dxc3 Nc6 6. Bb5 Qc7 7. Bf4 Qb6
8. Qd3 a6 9. Bxc6 Qxc6 10. O-O-O e6 11. Kb1 c4 12. Qe2 1/2-1/2

[Event "8th ch-Euro"]
[Site "Dresden GER"]
[Date "2007.04.08"]
[Round "6"]
[White "Paehtz,T jr"]
[Black "Guliev,L"]
[Result "1/2-1/2"]
[WhiteElo "2318"]
[BlackElo "2450"]
[EventDate "2007.04.03"]

1. e4 c5 2. c3 d5 3. exd5 Qxd5 4. d4 Nf6 5. Nf3 e6 6. Be3 cxd4 7. cxd4 Nc6
8. Nc3 Qd6 9. a3 Be7 10. Qc2 O-O 11. Bd3 Bd7 12. O-O Rac8 13. Rad1 g6 14.
Qe2 Rfd8 15. Rfe1 Be8 16. Bc4 Nd5 17. Bxd5 exd5 18. Ne5 Nxe5 19. dxe5 Qxe5
20. Bxa7 Qxe2 21. Nxe2 Bg5 22. Nc3 Bc6 23. Bd4 Re8 24. Rxe8+ Rxe8 25. g3 f5
26. f4 Be7 27. Kf2 Kf7 28. Re1 Rd8 29. Re3 b5 30. Ne2 b4 31. axb4 Bxb4 32.
Ng1 Re8 33. Nf3 Bd6 34. Rxe8 Kxe8 35. Ke3 Kd7 36. Ba7 Kc7 37. Ng5 h6 38.
Nf7 Bf8 39. Ne5 g5 40. Kd4 Bg7 41. Bc5 g4 42. b4 h5 43. b5 Bxb5 44. Kxd5
Bxe5 45. fxe5 Kd7 46. e6+ Ke8 1/2-1/2

[Event "8th ch-Euro"]
[Site "Dresden GER"]
[Date "2007.04.08"]
[Round "6"]
[White "Banusz,T"]
[Black "Buchal,S"]
[Result "1-0"]
[WhiteElo "2459"]
[BlackElo "2393"]
[EventDate "2007.04.03"]

1. d4 g6 2. c4 f5 3. g3 Nf6 4. Bg2 Bg7 5. Nf3 O-O 6. O-O d6 7. Nc3 Qe8 8.
d5 Na6 9. Rb1 c5 10. dxc6 bxc6 11. b4 Bd7 12. a3 Nc7 13. Bb2 Rb8 14. Qc2 a5
15. Ba1 axb4 16. axb4 f4 17. gxf4 Bf5 18. Qb3 Ne6 19. e3 Bxb1 20. Rxb1 Kh8
21. Ng5 Nxg5 22. fxg5 Ng4 23. Ne4 Bxa1 24. Rxa1 Qf7 25. f4 d5 26. cxd5 cxd5
27. Nc5 d4 28. Bd5 Qf5 29. Be6 Qxc5 30. bxc5 Rxb3 31. Bxb3 Nxe3 32. c6 d3
33. Kf2 Nc2 34. Ra4 h6 35. c7 hxg5 36. Rc4 Rc8 37. Bxc2 dxc2 38. fxg5 Kg7
39. Ke3 Kf7 40. Ke4 Ke6 41. Rxc2 Kd7 42. h4 Ke6 43. Rc1 1-0